00992nam a2200241 a 450000100100000000500170001000800410002702000150006804000250008308200190010810000410012724500990016826000470026730000210031450000740033550000770040965000520048665000310053870000320056904900090060195201230061099900170073300001994120200929170211.0100709s1977 sp r 000 p spa d a8432302708 aDO-SdBNPbspacBNPHU a861.09bCh527e1 aChevallier, Marie,d1910-194294252113aLa escritura poética de Miguel Hernández /cMarie Chevallier ; traducción Arcadio Pardo. aMadrid :bSiglo Veintiuno Editores,c1977. a545 p. ;c21 cm. aIncluye referencias bibliográficas y notas al pie de las páginas. aIncluye biografía de Miguel Hernández Gilabert en la contracubierta. 4aPoesía españolaxHistoria y crítica98687 4aLiteratura española96321 aPardo, Arcadio,etr.914276 aBNGR 001054708MOaGRbGRcCTd2010-07-09iLF1l0o861.09 Ch527ep19941-10r2020-06-25w2020-06-25y4ZPréstamo en sala c19454d19454